000 00258nam a22001097a 4500
008 170119b xxu||||| |||| 00| 0 eng d
020 _a9780323073165
041 _aeng
080 _28TH
_a618.2
245 _aTOWARD HEALTHY AGING
_cTOUHY & JETT
942 _2udc
_cBK
999 _c3179
_d3179